000 00338nam a22001457a 4500
008 221216b ||||| |||| 00| 0 eng d
020 _a9781416001898
041 _aeng
080 _210 EDITION
_a615
082 _a615ASP
100 _a13
101 _aFARMA
245 _aINTRODUCTION TO PHARMACOLOGY
_cASPERHEIM K.M
942 _2udc
_cBK
999 _c59200
_d59200